Seine-et-Marne - mort subite - Statistiques

Statistiques générales
  • Ce quiz a été pris 33 fois
  • Le résultat moyen est 10 sur 18
Answers on the Grid
Answers color-coded by a green-red scale on the quiz's grid according to % correct below.
Des frontières avec 10 départements
Meaux
Euro Disney
Une zone occupée par La Russie en 1815
Hell-Bourg
Livourne
Pointe-à-Pitre
Un million d'habitants
Le métro de Paris
Le château de Fontainebleau
Melun
La banlieue parisienne
Luçon
Arua
Saint-Laurent-du-Maroni
Nemours
Mascate
Chelles
Marne-la-Vallée
La mosquée de Buraydah
Une frontière avec la Somme
Villeparisis
Fier
Le château de Vaux-le-Vicomte
Cadix
Savigny-le-Temple
Montereau-Fault-Yonne
Roissy-en-Brie
Ath
Une frontière avec le Val-d'Oise
Provins
Nanterre
Une mine de bore
Le Squez
Le lieu de naissance d'Henri VII d'Angleterre
Malsueur-lèz-Melun
 
Statistiques - réponses
Réponse % Correct
Meaux
93%
Euro Disney
85%
Melun
78%
Banlieue parisienne Chelles
70%
Le château de Fontainebleau
70%
Marne-la-Vallée
70%
Provins
63%
Nemours
59%
La banlieue parisienne
56%
Montereau-Fault-Yonne
56%
Banlieue parisienne Roissy-en-Brie
52%
C'est le département français comptant le plus de départements limitrophes Des frontières avec 10 départements
48%
Le château de Vaux-le-Vicomte
48%
Savigny-le-Temple
44%
1,5 millions Un million d'habitants
44%
Une frontière avec le Val-d'Oise
41%
Banlieue parisienne Villeparisis
41%
Une zone occupée par La Russie en 1815
11%
Aucun quiz correspondant
Distribution des résultats
% des personnes avec chaque résultat
Percentile par nombre de réponses
Votre historique - résultats
Vous n’avez pas pris ce quiz